[Event "Muensterland Regionalliga playoff Gr2"]
[Site "Germany"]
[Date "2022.05.21"]
[Round "4.2"]
[White "Schulze Ameling, Hendrik"]
[Black "Mueller, Achim2222"]
[Result "1-0"]
[WhiteElo "1987"]
[BlackElo "1980"]
[PlyCount "51"]
[EventDate "2022.03.19"]
[EventType "team-tourn"]
[EventRounds "5"]
[EventCountry "GER"]
[SourceTitle "EXT 2023"]
[Source "ChessBase"]
[SourceDate "2022.10.05"]
[SourceVersion "1"]
[SourceVersionDate "2022.10.05"]
[SourceQuality "1"]
[WhiteTeam "Ahaus Wessum"]
[BlackTeam "Emsdetten Rochade"]
[WhiteTeamCountry "GER"]
[BlackTeamCountry "GER"]

1. d4 f5 2. Bg5 h6 3. Bf4 Nf6 4. g4 d6 5. gxf5 Bxf5 6. Bg2 c6 7. Nc3 Qa5 8. Qd2 Nbd7 9. e4 Bg4 10. f3 Be6 11. Nge2 g5 12. Be3 Bg7 13. d5 cxd5 14. Nd4 Bf7 15. Nf5 Bf8 16. b4 Qxb4 17. Rb1 Qa5 18. Rxb7 dxe4 19. fxe4 Qa6 20. e5 Nxe5 21. Nb5 Rc8 22. 0-0 Bc4 23. Nfxd6+ exd6 24. Rxf6 Bxb5 25. Re6+ Kd8 26. Bxg5+ 1-0

[Event "Muensterland Regionalliga 2122"]
[Site "Germany"]
[Date "2021.10.23"]
[Round "2.1"]
[White "Kamphuis, Jasper"]
[Black "Schulze Ameling, Hendrik"]
[Result "1-0"]
[WhiteElo "2025"]
[BlackElo "2012"]
[PlyCount "85"]
[EventDate "2021.10.02"]
[EventType "team-tourn"]
[EventRounds "3"]
[EventCountry "GER"]
[SourceTitle "EXT 2023"]
[Source "ChessBase"]
[SourceDate "2022.10.05"]
[SourceVersion "1"]
[SourceVersionDate "2022.10.05"]
[SourceQuality "1"]
[WhiteTeam "Gronau"]
[BlackTeam "Ahaus Wessum"]
[WhiteTeamCountry "GER"]
[BlackTeamCountry "GER"]

1. e4 e6 2. d4 d5 3. Nd2 Nf6 4. e5 Nfd7 5. f4 c5 6. c3 Nc6 7. Ngf3 Qb6 8. Nb3 Be7 9. Be2 0-0 10. 0-0 a5 11. Rb1 a4 12. Na1 Qa5 13. Bd2 b5 14. Nc2 Qb6 15. Kh1 Rd8 16. Qe1 Na5 17. Qg3 f5 18. Qh3 Nc4 19. g4 Nf8 20. Rg1 Ng6 21. Bc1 b4 22. cxb4 cxb4 23. Nce1 Qc6 24. Bd3 a3 25. b3 Nb2 26. Bc2 Rf8 27. Rg2 Ba6 28. Kg1 Qb5 29. Rf2 Rac8 30. gxf5 exf5 31. Bxf5 Rc3 32. Bd2 Bh4 33. Bxc3 Bxf2+ 34. Kxf2 Qe2+ 35. Kg3 bxc3 36. Bxg6 hxg6 37. Ng5 Qh5 38. Qe6+ Kh8 39. Qxa6 Nd1 40. Qxa3 Rc8 41. Qa6 Rf8 42. Qd6 Rg8 43. Nef3 1-0

[Event "Muensterland Verbandsliga 1516"]
[Site "Germany"]
[Date "2016.05.21"]
[Round "9.1"]
[White "Schulze Ameling, Hendrik"]
[Black "Boehlich, Daniel"]
[Result "0-1"]
[WhiteElo "2003"]
[BlackElo "1895"]
[PlyCount "82"]
[EventDate "2015.09.12"]
[EventType "team"]
[EventRounds "9"]
[EventCountry "GER"]
[SourceTitle "EXT 2017"]
[Source "ChessBase"]
[SourceDate "2016.10.25"]
[SourceVersion "1"]
[SourceVersionDate "2016.10.25"]
[SourceQuality "1"]
[WhiteTeam "Ahaus Wessum"]
[BlackTeam "Emsdetten Rochade II"]
[WhiteTeamCountry "GER"]
[BlackTeamCountry "GER"]

1. d4 d5 2. Nf3 Nf6 3. c4 e6 4. Nc3 c6 5. e3 Nbd7 6. Bd3 dxc4 7. Bxc4 b5 8. Bd3 a6 9. 0-0 c5 10. b3 Bb7 11. Qe2 Be7 12. Bb2 0-0 13. Rfd1 cxd4 14. exd4 Nb6 15. Rac1 Rc8 16. Ng5 Nbd5 17. Nh3 Nxc3 18. Rxc3 Rxc3 19. Bxc3 Qb6 20. Bb2 Rc8 21. Ng5 h6 22. Nf3 Nd5 23. Qe4 f5 24. Qe1 Bf6 25. Ne5 Qd6 26. Bb1 Nf4 27. f3 Rd8 28. Bc2 Qc7 29. Rc1 Qb6 30. Kf1 Rd5 31. b4 Bxe5 32. dxe5 Nd3 33. Bxd3 Rxd3 34. Rc5 Qd8 35. Ke2 Rd7 36. Qc3 Qh4 37. h3 Bd5 38. Kf1 Bc4+ 39. Kg1 Rd1+ 40. Kh2 Qf2 41. Rxc4 Rg1 0-1

[Event "Muensterland Verbandsklasse-A 1213"]
[Site "Germany"]
[Date "2012.12.15"]
[Round "4.2"]
[White "Voss, Norbert"]
[Black "Schulze Ameling, Hendrik"]
[Result "0-1"]
[WhiteElo "1856"]
[BlackElo "1988"]
[PlyCount "102"]
[EventDate "2012.09.15"]
[EventType "team-tourn"]
[EventRounds "9"]
[EventCountry "GER"]
[SourceTitle "EXT 2015"]
[Source "ChessBase"]
[SourceDate "2014.11.20"]
[SourceVersion "1"]
[SourceVersionDate "2014.11.20"]
[SourceQuality "1"]
[WhiteTeam "Muenster SK IV"]
[BlackTeam "Ahaus Wessum"]
[WhiteTeamCountry "GER"]
[BlackTeamCountry "GER"]

1. e4 e6 2. d4 d5 3. Nd2 Nf6 4. e5 Nfd7 5. Bd3 c5 6. c3 Nc6 7. Ngf3 Qb6 8. 0-0 cxd4 9. cxd4 Nxd4 10. Nxd4 Qxd4 11. Nf3 Qb6 12. Qa4 h6 13. a3 Be7 14. Qg4 Kf8 15. b4 a5 16. bxa5 Qb3 17. Be2 Nc5 18. Bd2 Ne4 19. Rfb1 Qc2 20. Rc1 Qa4 21. Bd1 Qe8 22. Bb4 Kg8 23. Nd4 h5 24. Qf3 Bd8 25. Qd3 Bd7 26. f3 Ng5 27. a4 f6 28. exf6 Bxf6 29. Bb3 Rh6 30. Re1 Rg6 31. Kh1 Qf7 32. Bc2 Rh6 33. Bd2 e5 34. Nf5 Rh8 35. Nd6 Qe6 36. Nxb7 Bc6 37. Nc5 Qd6 38. Nb3 e4 39. fxe4 Bxa1 40. Nxa1 Nf7 41. Bb3 Re8 42. exd5 Rxe1+ 43. Bxe1 h4 44. Qe4 Qf6 45. Kg1 Bd7 46. Nc2 Rh5 47. Qd4 Ne5 48. h3 Rg5 49. d6+ Kf8 50. Kh2 Rxg2+ 51. Kxg2 Bxh3+ 0-1

[Event "Muensterland Verbandsklasse-A 1213"]
[Site "Germany"]
[Date "2012.10.20"]
[Round "2.2"]
[White "Boesel, Alexander"]
[Black "Schulze Ameling, Hendrik"]
[Result "0-1"]
[WhiteElo "1972"]
[BlackElo "1988"]
[PlyCount "92"]
[EventDate "2012.09.15"]
[EventType "team-tourn"]
[EventRounds "9"]
[EventCountry "GER"]
[SourceTitle "EXT 2015"]
[Source "ChessBase"]
[SourceDate "2014.11.20"]
[SourceVersion "1"]
[SourceVersionDate "2014.11.20"]
[SourceQuality "1"]
[WhiteTeam "Olfen"]
[BlackTeam "Ahaus Wessum"]
[WhiteTeamCountry "GER"]
[BlackTeamCountry "GER"]

1. d4 e6 2. g3 d5 3. c4 Nf6 4. Bg2 c6 5. Nf3 Bd6 6. b3 0-0 7. Nbd2 Nbd7 8. Bb2 Ne4 9. 0-0 f5 10. Ne5 Qf6 11. Ndf3 g5 12. Nxd7 Bxd7 13. Ne5 Qg7 14. f3 Nf6 15. Qd2 Rad8 16. Rae1 Bc8 17. c5 Bc7 18. Bc1 h6 19. f4 g4 20. Kf2 h5 21. Rh1 h4 22. gxh4 Qh7 23. Reg1 Qxh4+ 24. Kf1 Bxe5 25. dxe5 Ne4 26. Qd4 Kf7 27. Be3 b6 28. cxb6 axb6 29. Qxb6 d4 30. Bxe4 dxe3 31. Qxe3 fxe4 32. Rg3 Rd1+ 33. Kg2 Rxh1 34. Kxh1 Rh8 35. Qg1 Rg8 36. a4 Ba6 37. Qa7+ Kg6 38. Qd7 Bxe2 39. Qxe6+ Kh7 40. Qf5+ Kh8 41. e6 Bf3+ 42. Kg1 Qd8 43. Qh5+ Kg7 44. Qg5+ Qxg5 45. fxg5 e3 46. e7 Kf7 0-1

[Event "Muensterland Verbandsklasse-B 1112"]
[Site "Germany"]
[Date "2012.03.10"]
[Round "7.1"]
[White "Mueller, Achim1111"]
[Black "Schulze Ameling, Hendrik"]
[Result "0-1"]
[WhiteElo "1990"]
[BlackElo "1996"]
[PlyCount "78"]
[EventDate "2011.09.17"]
[EventType "team-tourn"]
[EventRounds "9"]
[EventCountry "GER"]
[SourceTitle "EXT 2013"]
[Source "ChessBase"]
[SourceDate "2012.11.22"]
[SourceVersion "1"]
[SourceVersionDate "2012.11.22"]
[SourceQuality "1"]
[WhiteTeam "Rheine Klein Berlin II"]
[BlackTeam "Ahaus Wessum"]
[WhiteTeamCountry "GER"]
[BlackTeamCountry "GER"]

1. d4 e6 2. e4 d5 3. Nd2 Nf6 4. e5 Nfd7 5. Bd3 c5 6. c3 Nc6 7. Ndf3 cxd4 8. cxd4 f6 9. exf6 Nxf6 10. Ne2 Bd6 11. 0-0 Qc7 12. Bg5 0-0 13. Nc3 a6 14. Rc1 Bd7 15. Na4 Rae8 16. Nc5 Bc8 17. Bh4 g6 18. Bg3 Nh5 19. Bb1 Bf4 20. Rc3 Qg7 21. Nxa6 Nxg3 22. fxg3 Bd6 23. Nc5 g5 24. Qd2 g4 25. Ng5 Rxf1+ 26. Kxf1 Qf6+ 27. Kg1 Qxd4+ 28. Qxd4 Nxd4 29. Bxh7+ Kg7 30. Bd3 e5 31. h3 e4 32. Ngxe4 dxe4 33. Nxe4 Bb8 34. Kf2 gxh3 35. gxh3 Bxh3 36. Rc4 Nc6 37. Ng5 Ba7+ 38. Kf3 Ne5+ 39. Kf4 Nxd3+ 0-1

[Event "Muensterland Verbandsklasse-B 1112"]
[Site "Germany"]
[Date "2012.02.11"]
[Round "6.2"]
[White "Jansen, Dirk Norbert"]
[Black "Schulze Ameling, Hendrik"]
[Result "1-0"]
[WhiteElo "1876"]
[BlackElo "1996"]
[PlyCount "67"]
[EventDate "2011.09.17"]
[EventType "team-tourn"]
[EventRounds "9"]
[EventCountry "GER"]
[SourceTitle "EXT 2013"]
[Source "ChessBase"]
[SourceDate "2012.11.22"]
[SourceVersion "1"]
[SourceVersionDate "2012.11.22"]
[SourceQuality "1"]
[WhiteTeam "Muenster IV"]
[BlackTeam "Ahaus Wessum"]
[WhiteTeamCountry "GER"]
[BlackTeamCountry "GER"]

1. Nf3 f5 2. g3 Nf6 3. Bg2 g6 4. 0-0 Bg7 5. c4 0-0 6. Nc3 c6 7. d4 d6 8. Qc2 Na6 9. a3 h6 10. e4 Nc7 11. Nh4 fxe4 12. Nxg6 Rf7 13. Nxe4 Nxe4 14. Bxe4 Bh3 15. Re1 Bxd4 16. Be3 Bg7 17. Nf4 Bg4 18. h3 e5 19. Bg6 Rf8 20. Bh7+ Kh8 21. Ng6+ Kxh7 22. Nxf8+ Kg8 23. Qh7+ Kxf8 24. Bxh6 Ne6 25. Bxg7+ Nxg7 26. Qh8+ Kf7 27. Qxd8 Rxd8 28. hxg4 Ne6 29. Kg2 Nd4 30. Re4 Kf6 31. f4 Nb3 32. Rd1 Nd4 33. fxe5+ dxe5 34. Rde1 1-0

[Event "Muensterland Verbandsklasse-B 1011"]
[Site "Germany"]
[Date "2010.11.13"]
[Round "3.3"]
[White "Schulze Ameling, Hendrik"]
[Black "Werremeyer, Achim"]
[Result "1-0"]
[WhiteElo "1961"]
[BlackElo "1734"]
[PlyCount "73"]
[EventDate "2010.09.18"]
[EventType "team-tourn"]
[EventRounds "9"]
[EventCountry "GER"]
[SourceTitle "EXT 2012"]
[Source "ChessBase"]
[SourceDate "2011.11.24"]
[SourceVersion "1"]
[SourceVersionDate "2011.11.24"]
[SourceQuality "1"]
[WhiteTeam "Ahaus Wessum"]
[BlackTeam "Westerkappeln"]
[WhiteTeamCountry "GER"]
[BlackTeamCountry "GER"]

1. d4 Nf6 2. c4 e6 3. Nc3 d5 4. Nf3 Nbd7 5. Bg5 c6 6. Rc1 Qa5 7. e3 Ne4 8. Bh4 Bb4 9. Qb3 Nb6 10. Bd3 dxc4 11. Bxc4 Na4 12. 0-0 Bxc3 13. bxc3 Naxc3 14. Qc2 0-0 15. Bd3 f5 16. Ne5 Nxa2 17. Ra1 Nec3 18. Nc4 Qd5 19. Ne5 b5 20. Be7 Re8 21. Ba3 a5 22. Bb2 c5 23. Bxc3 Nxc3 24. Qxc3 Bb7 25. Nf3 c4 26. Be2 Qd8 27. Rfb1 b4 28. Qxc4 Bd5 29. Qb5 Re7 30. Bd1 Rb7 31. Qa4 Qd6 32. Ne5 Rc7 33. h3 Rc3 34. Bb3 Qc7 35. Bxd5 exd5 36. Qb5 Rc2 37. Qxd5+ 1-0

[Event "Muensterland Verbandsliga 0910"]
[Site "Germany"]
[Date "2009.12.12"]
[Round "4.2"]
[White "Chilla, Jan Eric"]
[Black "Schulze Ameling, Hendrik"]
[Result "1-0"]
[WhiteElo "2085"]
[BlackElo "2072"]
[PlyCount "83"]
[EventDate "2009.09.26"]
[EventType "team-tourn"]
[EventRounds "9"]
[EventCountry "GER"]
[SourceTitle "EXT 2011"]
[Source "ChessBase"]
[SourceDate "2010.11.26"]
[SourceVersion "1"]
[SourceVersionDate "2010.11.26"]
[SourceQuality "1"]
[WhiteTeam "Muenster II"]
[BlackTeam "Ahaus Wessum"]
[WhiteTeamCountry "GER"]
[BlackTeamCountry "GER"]

1. d4 e6 2. c4 Nf6 3. Nc3 Bb4 4. Qc2 c5 5. dxc5 Na6 6. a3 Bxc3+ 7. Qxc3 Nxc5 8. f3 a5 9. Bg5 a4 10. Rd1 h6 11. Bf4 b6 12. Bd6 Nb7 13. Bb4 Nh5 14. Nh3 f5 15. Qd4 Kf7 16. Nf2 Re8 17. Nd3 d6 18. Bxd6 Nxd6 19. Ne5+ Kg8 20. Nc6 Qg5 21. Qxd6 f4 22. Rd4 Bb7 23. Nb4 e5 24. Rd2 Qh4+ 25. Kd1 Ng3 26. Qxb6 Nxh1 27. Qxb7 Rad8 28. Nd5 Qf2 29. Ne7+ Kh8 30. Ng6+ Kh7 31. Qe4 Rxd2+ 32. Kxd2 Qe3+ 33. Qxe3 fxe3+ 34. Kxe3 Kxg6 35. g3 Rb8 36. Bg2 Nxg3 37. hxg3 Rxb2 38. f4 Rb3+ 39. Kd2 Rxa3 40. c5 Rb3 41. fxe5 Kf5 42. c6 1-0

[Event "Muensterland Verbandsliga 0910"]
[Site "Germany"]
[Date "2009.09.26"]
[Round "1.2"]
[White "Schulze Ameling, Hendrik"]
[Black "Haselhorst, Helmut"]
[Result "0-1"]
[WhiteElo "2072"]
[BlackElo "2023"]
[PlyCount "66"]
[EventDate "2009.09.26"]
[EventType "team-tourn"]
[EventRounds "9"]
[EventCountry "GER"]
[SourceTitle "EXT 2011"]
[Source "ChessBase"]
[SourceDate "2010.11.26"]
[SourceVersion "1"]
[SourceVersionDate "2010.11.26"]
[SourceQuality "1"]
[WhiteTeam "Ahaus Wessum"]
[BlackTeam "Ostbevern Westbevern"]
[WhiteTeamCountry "GER"]
[BlackTeamCountry "GER"]

1. d4 Nf6 2. c4 g6 3. Nc3 Bg7 4. e4 d6 5. f3 0-0 6. Bg5 Nc6 7. Nge2 a6 8. Qd2 Re8 9. g4 Rb8 10. h4 b5 11. cxb5 axb5 12. h5 e5 13. hxg6 hxg6 14. Nd5 Nxd4 15. Nxd4 exd4 16. Bh6 Nxd5 17. Bxg7 Kxg7 18. Qh6+ Kf6 19. 0-0-0 Ne3 20. Rxd4 Nxf1 21. e5+ Ke7 22. Rxf1 Be6 23. Rfd1 Rb6 24. f4 Kd7 25. f5 Bxa2 26. e6+ fxe6 27. fxg6 Rc6+ 28. Kd2 Qf6 29. Rf4 Qxb2+ 30. Ke1 Qe5+ 31. Kf1 Bc4+ 32. Kg1 Qe3+ 33. Rf2 Qxh6 0-1